000 00345nam a2200157Ia 4500
100 _aGroff/J.R/ Weinberg/P.N
650 _aSQL
942 _cBK
366 _f20
654 _aSQL
245 _aComplete Reference SQL
260 _bTata Mc Graw hill pub co
_aNew Delhi
_c2003
082 _a05.133/GRA
_bGRA
546 _aENGLISH
999 _c29045
_d29045